[Event "Valencia Lara-Carabobo"]
[Site "Valencia"]
[Date "2021.09.15"]
[Round "1.1"]
[White "Suarez Sierralta, Jesus Raul"]
[Black "Ledezma Villamizar, Gabriel Enrique"]
[Result "1-0"]
[WhiteElo "2056"]
[BlackElo "1991"]
[PlyCount "68"]
[EventDate "2021.09.15"]
[EventType "schev"]
[EventRounds "5"]
[EventCountry "VEN"]
[SourceTitle "EXT 2024"]
[Source "ChessBase"]
[SourceDate "2023.10.10"]
[SourceVersion "1"]
[SourceVersionDate "2023.10.10"]
[SourceQuality "1"]
[WhiteTeam "Lara Youth"]
[BlackTeam "Carabobo Youth"]
[WhiteTeamCountry "VEN"]
[BlackTeamCountry "VEN"]

1. Nf3 g6 2. g3 Bg7 3. Bg2 d6 4. 0-0 e5 5. d3 Ne7 6. c3 0-0 7. e4 Nbc6 8. Nbd2 h5 9. Nh4 g5 10. Nhf3 Ng6 11. Nc4 f5 12. exf5 Bxf5 13. Ne3 Be6 14. Nd2 Qd7 15. Ne4 Rf7 16. Qxh5 Nge7 17. d4 exd4 18. cxd4 Raf8 19. Bd2 b5 20. d5 Bf5 21. Nxf5 Qxf5 22. Nc3 Ne5 23. Rae1 Nc4 24. Be3 Nxe3 25. fxe3 Qd3 26. Qe2 Rxf1+ 27. Bxf1 Qf5 28. Bg2 Qe5 29. Nxb5 Nf5 30. Nxc7 Nxe3 31. Ne6 Re8 32. Rc1 Bh8 33. Qf2 Nf5 34. Bh3 Ne7 1-0

[Event "VEN-ch U17"]
[Site "Caracas"]
[Date "2019.08.07"]
[Round "2"]
[White "Suarez Sierralta, Jesus Raul"]
[Black "Escalona Landi, Samid Eduardo"]
[Result "0-1"]
[WhiteElo "1885"]
[BlackElo "2063"]
[PlyCount "54"]
[EventDate "2019.08.07"]
[EventType "swiss"]
[EventRounds "9"]
[EventCountry "VEN"]
[SourceTitle "EXT 2020"]
[Source "ChessBase"]
[SourceDate "2019.10.17"]
[SourceVersion "1"]
[SourceVersionDate "2019.10.17"]
[SourceQuality "1"]

1. Nf3 Nf6 2. g3 g6 3. Bg2 Bg7 4. 0-0 0-0 5. d4 d6 6. b3 e5 7. e3 e4 8. Nfd2 Re8 9. c4 Bf5 10. Nc3 c5 11. Ne2 Nc6 12. Bb2 h5 13. a3 Qd7 14. Bc3 Bg4 15. b4 cxd4 16. exd4 e3 17. d5 exd2 18. dxc6 bxc6 19. f3 Be6 20. Qb3 d5 21. Qb2 d4 22. Nxd4 Bxc4 23. Rfd1 Nd5 24. Rxd2 Re3 25. Ne2 Nxc3 26. Nxc3 Qe6 27. Rc1 Rxc3 0-1

[Event "VEN-ch U14 3rd"]
[Site "San Antonio"]
[Date "2016.04.02"]
[Round "4.6"]
[White "Suarez Sierralta, Jesus Raul"]
[Black "Camargo Picon, Josue Fernando"]
[Result "0-1"]
[WhiteElo "1696"]
[BlackElo "1654"]
[PlyCount "62"]
[EventDate "2016.04.01"]
[EventType "swiss"]
[EventRounds "7"]
[EventCountry "VEN"]
[SourceTitle "EXT 2022"]
[Source "ChessBase"]
[SourceDate "2021.10.06"]
[SourceVersion "1"]
[SourceVersionDate "2021.10.06"]
[SourceQuality "1"]

1. d4 Nf6 2. Nf3 d6 3. g3 g6 4. Bg2 Bg7 5. c4 0-0 6. 0-0 Nc6 7. Nc3 e5 8. d5 Ne7 9. e4 Ne8 10. b4 f5 11. Re1 f4 12. Qb3 Bg4 13. Ne2 Nf6 14. h3 Bd7 15. Nc3 h6 16. c5 Qc8 17. Kh2 g5 18. Bb2 Bxh3 19. Bxh3 g4 20. Nxe5 gxh3 21. cxd6 cxd6 22. Nb5 fxg3+ 23. fxg3 dxe5 24. d6+ Kh7 25. dxe7 Ng4+ 26. Kh1 Rf2 27. Red1 Rh2+ 28. Kg1 Rg2+ 29. Kf1 Qf8+ 30. exf8Q Rxf8+ 31. Ke1 h2 0-1